Rosa Italia 2006 - Statistics

Statistiche generali
  • Questo quiz è stato fatto 296 volte
  • Il punteggio medio è 19 su 23
Statistiche sulle risposte
Ruolo Club dell'epoca Calciatore % Corretto
Portiere Juventus Gianluigi Buffon
100%
Roma Francesco Totti
98%
Attaccante Juventus Alessandro Del Piero
97%
Juventus Fabio Cannavaro
96%
Milan Andrea Pirlo
94%
Fiorentina Luca Toni
91%
Palermo Fabio Grosso
90%
Inter Marco Materazzi
90%
Milan Alessandro Nesta
88%
Centrocampista Roma Daniele De Rossi
88%
Milan Filippo Inzaghi
88%
Milan Gennaro Gattuso
88%
Juventus Gianluca Zambrotta
84%
Milan Alberto Gilardino
83%
Juventus Mauro Germán Camoranesi
78%
Roma Simone Perrotta
76%
Udinese Vincenzo Iaquinta
75%
Palermo Andrea Barzagli
72%
Lazio Angelo Peruzzi
71%
Difensore Palermo Cristian Zaccardo
68%
Livorno Marco Amelia
67%
Palermo Simone Barone
58%
Lazio Massimo Oddo
53%
Nessun quiz corrispondente trovato
Distribuzione punteggi
Percentuale di utenti per punteggio
Percentile per numero di risposta
I tuoi punteggi nel tempo
Non hai fatto questo quiz